000 00637nam a22001817a 4500
999 _c80312
_d80312
008 201208b ||||| |||| 00| 0 eng d
020 _a978-966-96867-9-4
040 _cStAFF
_dStAFF
041 _aUkraninisch
245 _aSchostka
_b[шостка очима фотохудожника]
246 _aÜbers. d. HST.: Schostka: Durch die Augen eines Fotografen
260 _aKiew:
_bFolprant,
_c2014
300 _a191 Seiten :
_bzahl. Ill.
500 _aSchostka ist die Partnerstadt von Slubice; Gastgeschenk bei Besuch in Frankfurt 2014
546 _aUkrainisch; kyrillische Schrift
942 _2z
_cB